<?xml version="1.0" encoding="UTF-8"?>
<record
    xmlns:xsi="http://www.w3.org/2001/XMLSchema-instance"
    xsi:schemaLocation="http://www.loc.gov/MARC21/slim http://www.loc.gov/standards/marcxml/schema/MARC21slim.xsd"
    xmlns="http://www.loc.gov/MARC21/slim">

  <leader>00294nam a22001331a 4500</leader>
  <controlfield tag="001">19020</controlfield>
  <controlfield tag="003">OSt</controlfield>
  <controlfield tag="005">20260204212434.0</controlfield>
  <controlfield tag="008">190122s2017||||dr ||||||b||||||||||spa||</controlfield>
  <datafield tag="090" ind1=" " ind2=" ">
    <subfield code="a">PGE-2017-015</subfield>
  </datafield>
  <datafield tag="100" ind1=" " ind2=" ">
    <subfield code="a">P&#xE9;rez Garc</subfield>
  </datafield>
  <datafield tag="264" ind1=" " ind2=" ">
    <subfield code="a">Rep&#xFA;blica Dominicana :&#xCC;</subfield>
  </datafield>
  <datafield tag="942" ind1=" " ind2=" ">
    <subfield code="2">ddc</subfield>
    <subfield code="c">TH</subfield>
  </datafield>
  <datafield tag="999" ind1=" " ind2=" ">
    <subfield code="c">19020</subfield>
    <subfield code="d">19020</subfield>
  </datafield>
</record>
